[Event "FRA-ch Blitz Online Qual"]
[Site "Europe Echecs INT"]
[Date "2020.05.16"]
[Round "15"]
[White "Baudouin, Simon"]
[Black "Materia, Marco"]
[Result "0-1"]
[WhiteElo "1926"]
[BlackElo "2269"]
[PlyCount "38"]
[EventDate "2020.05.16"]
[EventType "swiss (blitz)"]
[EventRounds "15"]
[EventCountry "FRA"]
[SourceTitle "CBM 196 Extra"]
[Source "ChessBase"]
[SourceDate "2020.07.31"]
[SourceVersion "1"]
[SourceVersionDate "2020.07.31"]
[SourceQuality "1"]

1. c4 e6 2. g3 d5 3. d4 Nf6 4. Bg2 Be7 5. Nf3 0-0 6. 0-0 dxc4 7. Qc2 c6 8. a4 b6 9. Qxc4 Ba6 10. Qc2 Nbd7 11. Nc3 c5 12. Ne5 cxd4 13. Nxd7 Qxd7 14. Bxa8 Rxa8 15. Nb5 Bxb5 16. axb5 Qxb5 17. Rd1 Bc5 18. Bd2 Qxe2 19. b4 d3 0-1